000 02003nam0a2200409 4500
001 RU\NLR\bibl\92575
005 20250617080201.0
010 _a5-230-02881-5
_93300
020 _aRU
_b98-30825
_9Книжная летопись
021 _aRU
_b98-22967
_91084
035 _a(NLR Aleph) 000090455
090 _a507314
_c507314
100 _a20000410d1997 |||y0rusy50 ca
101 0 _arus
102 _aRU
105 _aa |||||||||
200 1 _aПодъемно-транспортные машины
_eУчеб. пособие для студентов специальности 1709 "Подъем.-трансп., строит., дорож. машины и оборудование"
_fИлья Леонидович Анчаров, Евгений Викторович Ефремов, Герман Дмитриевич Хлебников
_gМоск. ин-т коммун. хоз-ва и стр-ва
210 _aМ.
_cМИКХИС
_d1997
215 _a124,[1] с.
_cил.
_d22
320 _aБиблиогр.: с. 91
606 0 _aПодъемно-транспортные машины
_jРуководства, пособия и т.п. для высшей школы
_92146686
_3RU\NLR\auth\661293243
606 0 _aПодъемно-транспортные машины
_jУчебные издания для высшей школы
_92146686
_3RU\NLR\auth\661293243
610 0 _aПодъемно-транспортное оборудование
675 _a621.86(075.8)
_v3
_zrus
686 _a55.51
_2rugasnti
686 _a39.9
_2rubbk
686 _aО91я73-1
700 1 _aАнчаров
_gИлья Леонидович
_4070
701 1 _aЕфремов
_bЕ. В.
_gЕвгений Викторович
_4070
701 1 _aХлебников
_bГ. Д.
_gГерман Дмитриевич
_4070
801 0 _aRU
_bRKP
_c20000410
_gPSBO
801 1 _aRU
_bRKP
_c20000410
801 2 _aRU
_bNLR
_c20000925
_grcr
852 _aNLR
_j98-3/7393
942 _cBOOK
980 _aNB